| 000 | 00699nam a22001817a 4500 | ||
|---|---|---|---|
| 005 | 20251108165404.0 | ||
| 008 | 250721s1986 xx 000 0 ara d | ||
| 082 | 1 | 4 | _aم/922.173/شاف |
| 100 | 1 | _aإبن حجر العسقلاني، شهاب الدين أبو الفضل أحمد بن علي ... | |
| 245 | 1 | 0 |
_aفي مناقب الإمام الشافعي : _bتوالي التأسيس لمعالي محمد إبن إدريس / |
| 264 | 1 |
_aبيروت : _bدار الكتب العلمية، _c1986. |
|
| 300 | _a272ص | ||
| 650 | 1 | 7 | _aالتراجم |
| 650 | 1 | 7 | _aالمذاهب الإسلامية |
| 700 | 1 |
_aالقاضي، عبد الله _eتحقيق |
|
| 942 |
_2ddc _cREF |
||
| 999 |
_c26722 _d26722 |
||